| 000 | 00406nam a2200145 a 4500 | ||
|---|---|---|---|
| 001 | 000035651 | ||
| 005 | 20200930074513.0 | ||
| 008 | 111107s2011 dr 000 0 spa d | ||
| 040 |
_aDO-SdBNP _bspa _cBNPHU |
||
| 100 | 1 |
_aBatista, Acir _961566 |
|
| 245 | 1 | 0 | _aDe todo lo que no me sobra /. |
| 260 |
_aSanto Domingo : _bEditora Corripio, _c2011. |
||
| 300 |
_a104 p. : _bil., retrs. ; _c29 cm. |
||
| 049 | _aBNPD | ||
| 999 |
_c35142 _d35142 |
||